<?xml version="1.0" encoding="UTF-8"?>
<collection xmlns="http://www.loc.gov/MARC21/slim">
<record>
  <controlfield tag="001">77058</controlfield>
  <controlfield tag="005">20210520140806.0</controlfield>
  <datafield tag="037" ind1=" " ind2=" ">
    <subfield code="a">TESIS-2019-036</subfield>
  </datafield>
  <datafield tag="041" ind1=" " ind2=" ">
    <subfield code="a">spa</subfield>
  </datafield>
  <datafield tag="080" ind1=" " ind2=" ">
    <subfield code="a">614</subfield>
  </datafield>
  <datafield tag="100" ind1="1" ind2=" ">
    <subfield code="a">Guarnizo Tole, Gemmy Mildred</subfield>
  </datafield>
  <datafield tag="245" ind1="0" ind2="0">
    <subfield code="a">Prevención de la mortalidad materna desde el ejercicio profesional de la enfermera: prácticas y experiencia vivida</subfield>
  </datafield>
  <datafield tag="260" ind1=" " ind2=" ">
    <subfield code="a">Zaragoza</subfield>
    <subfield code="b">Universidad de Zaragoza, Prensas de la Universidad</subfield>
    <subfield code="c">2018</subfield>
  </datafield>
  <datafield tag="300" ind1=" " ind2=" ">
    <subfield code="a">157</subfield>
  </datafield>
  <datafield tag="490" ind1="0" ind2=" ">
    <subfield code="a">Tesis de la Universidad de Zaragoza</subfield>
    <subfield code="x">2254-7606</subfield>
    <subfield code="v">2019-17</subfield>
  </datafield>
  <datafield tag="500" ind1=" " ind2=" ">
    <subfield code="a">Presentado:  05 12 2018</subfield>
  </datafield>
  <datafield tag="502" ind1=" " ind2=" ">
    <subfield code="a">Tesis-Univ. Zaragoza, Fisiatría y Enfermería, 2018</subfield>
    <subfield code="b">Zaragoza, Universidad de Zaragoza</subfield>
    <subfield code="c">2018</subfield>
  </datafield>
  <datafield tag="520" ind1=" " ind2=" ">
    <subfield code="a">Esta tesis doctoral busca robustecer el conocimiento en el área, a través del análisis de las prácticas realizadas y la experiencia vivida en torno a la prevención de la mortalidad materna desde el ejercicio profesional de las enfermeras. Se desarrollaron dos estudios que abordaron este fenómeno, el primero correspondió a una revisión sistemática que detalló los niveles de evidencia y grados de recomendación del aporte hecho desde el cuidado de enfermería a la salud materna. El segundo describió, comparó e interpretó la problemática por medio de un diseño mixto efectuado en tres hospitales públicos de la ciudad de Bogotá, en este estudio participaron 60 enfermeros.&lt;br />La revisión expuso que existe evidencia del aporte de la disciplina a la salud materna en el cuidado dado para el mantenimiento de la salud. Además, puntualizó en la importancia de fortalecer la formación académica en obstetricia y las repercusiones de la regulación en este campo de trabajo. En el análisis cualitativo, el modelo teórico explicativo se estructuró desde una categoría que fue denominada “la gestión del cuidado”. Los datos cuantitativos indicaron que la ejecución de prácticas que contribuyen a la prevención de la mortalidad materna (PPMM) es mayor cuando las enfermeras trabajan en el primer nivel de atención, tienen conocimientos actualizados, se articulan al equipo multidisciplinario y realizan gestión en torno al cuidado.&lt;br />El proceso de triangulación de los datos determinó la existencia de similitudes, divergencias y conceptos emergentes como los cambios requeridos en la regulación de la disciplina, el reconocimiento social, el liderazgo, la polifuncionalidad, la identidad profesional, entre otros.&lt;br />Se concluye que las enfermeras cuentan con la formación profesional para proporcionar cuidado a la mujer en edad fértil, sus prácticas tienen fundamentación científica que les da reconocimiento, sumado a que se requiere de un conjunto de condiciones que vigoricen su ejercicio en el área. La trayectoria de salud materna está acompañada de otras trayectorias como son la educativa, la familiar, la ciudadana e incluso las del contexto, porque es allí donde se encuentran los determinantes que definen la ocurrencia de una muerte materna. Se sugiere que los futuros estudios corroboren las relaciones existentes entre el aporte dado al manejo de la mortalidad materna por parte de las enfermeras y las condiciones sociolaborales bajo las cuales se lleva a cabo.&lt;br /></subfield>
  </datafield>
  <datafield tag="506" ind1=" " ind2=" ">
    <subfield code="a">all-rights-reserved</subfield>
  </datafield>
  <datafield tag="520" ind1=" " ind2=" ">
    <subfield code="a">&lt;br /></subfield>
  </datafield>
  <datafield tag="521" ind1=" " ind2=" ">
    <subfield code="9">7084</subfield>
    <subfield code="a">Programa de Doctorado en Ciencias de la Salud y del Deporte</subfield>
  </datafield>
  <datafield tag="653" ind1="1" ind2=" ">
    <subfield code="a">salud publica</subfield>
  </datafield>
  <datafield tag="653" ind1="1" ind2=" ">
    <subfield code="a">mortalidad prenatal y perinatal</subfield>
  </datafield>
  <datafield tag="653" ind1="1" ind2=" ">
    <subfield code="a">calidad de vida</subfield>
  </datafield>
  <datafield tag="700" ind1=" " ind2=" ">
    <subfield code="a">VICENTE RODRÍGUEZ, GERMÁN</subfield>
    <subfield code="e">dir.</subfield>
  </datafield>
  <datafield tag="700" ind1=" " ind2=" ">
    <subfield code="a">OLMEDILLAS FERNÁNDEZ, HUGO  </subfield>
    <subfield code="e">dir.</subfield>
  </datafield>
  <datafield tag="710" ind1="2" ind2=" ">
    <subfield code="a">Universidad de Zaragoza</subfield>
    <subfield code="b">Fisiatría y Enfermería</subfield>
  </datafield>
  <datafield tag="830" ind1=" " ind2=" ">
    <subfield code="9">496</subfield>
  </datafield>
  <datafield tag="856" ind1="0" ind2=" ">
    <subfield code="f">tdr@unizar.es</subfield>
  </datafield>
  <datafield tag="856" ind1="4" ind2=" ">
    <subfield code="u">http://zaguan.unizar.es/record/77058/files/TESIS-2019-036.pdf</subfield>
    <subfield code="z">Texto completo (spa)</subfield>
    <subfield code="s">3920718</subfield>
  </datafield>
  <datafield tag="909" ind1="C" ind2="O">
    <subfield code="o">oai:zaguan.unizar.es:77058</subfield>
    <subfield code="p">driver</subfield>
    <subfield code="p">tesis</subfield>
  </datafield>
  <datafield tag="910" ind1="2" ind2=" ">
    <subfield code="a"></subfield>
    <subfield code="b">Fisiatría y Enfermería</subfield>
  </datafield>
  <datafield tag="980" ind1=" " ind2=" ">
    <subfield code="a">TESIS</subfield>
  </datafield>
</record>
</collection>